000 00633nam a2200217Ia 4500
003 OSt
005 20220928144725.0
006 a|||||r|||| 00| 0
007 ta
008 220927b |||||||| |||| 00| 0 eng d
024 _a73277
037 _cTextual
040 _aSDCL
_cSDCL
_beng
041 _2eng
_aeng
082 _aX:8DS.2'N9, N9
100 _aCENTRE FOR INDUSTRIAL AND ECONOMIC RESEARCH.
_9509258
245 0 _aStrategies for action on sick central public enterprises.
260 _c1999
942 _hX:8DS.2'N9, N9
_cTEXL
_2CC
999 _c829180
_d829180